000 00593nam a2200169 i 4500
001 52538
003 ES-MaACL
005 20230906162612.0
007 t|
008 030901s1921 ve ||||1| spa d
100 1 _aDávila, Vicente.
_942939
245 1 0 _aCentenario de Carabobo /
_cdiscurso pronunciado por Vicente Dávila en el Panteón Nacional el 5 de julio.
260 _aCaracas :
_b[s.n.,
_c1921] (
_fImprenta Bolivar)
650 4 _aCarabobo, Batalla de, 1821.
_9159972
651 4 _aVenezuela-
_xHistoria-
_y1810-1823, Guerra de la Independencia.
_9148949
852 _aES-MaACL
_j1615-F-20
999 _c52538
_d52538